[Event "Warsaw YMCA Summer-A 290th"]
[White "Flis, Piotr"]
[Black "Malicki, Jan"]
[Site "Warsaw"]
[Round "3"]
[Result "1-0"]
[Date "2024.07.17"]
[WhiteElo "1969"]
[BlackElo "1835"]
[PlyCount "71"]
[EventDate "2024.07.03"]
[EventType "tourn"]
[EventRounds "10"]
[EventCountry "POL"]
[SourceTitle "EXT 2025"]
[Source "ChessBase"]
[SourceDate "2024.10.14"]
[SourceVersion "1"]
[SourceVersionDate "2024.10.14"]
[SourceQuality "1"]

1. d4 Nf6 2. c4 g6 3. Nc3 d5 4. e3 Bg7 5. cxd5 Nxd5 6. Nxd5 Qxd5 7. Ne2 0-0 8. Nc3 Qd8 9. Be2 c5 10. d5 e6 11. e4 exd5 12. exd5 b6 13. 0-0 Bb7 14. Bf4 Bxc3 15. bxc3 Qxd5 16. Qxd5 Bxd5 17. Rfd1 Bb7 18. Bc4 Nc6 19. Rd7 Na5 20. Bh6 Nxc4 21. Bxf8 Bc6 22. Rc7 Kxf8 23. Rxc6 Rd8 24. Rc7 a5 25. Re1 Rd3 26. h4 Rxc3 27. Ree7 Nd6 28. Red7 Ne8 29. Rxf7+ Kg8 30. Rce7 h5 31. Rf4 Rc1+ 32. Kh2 Ng7 33. Rf6 Nf5 34. Rxg6+ Kf8 35. Ra7 Nd4 36. Rxb6 1-0

[Event "Warsaw YMCA Summer-A 290th"]
[White "Malicki, Jan"]
[Black "Korsun, Wadym"]
[Site "Warsaw"]
[Round "1"]
[Result "1-0"]
[Date "2024.07.05"]
[WhiteElo "1835"]
[BlackElo "1766"]
[PlyCount "89"]
[EventDate "2024.07.03"]
[EventType "tourn"]
[EventRounds "10"]
[EventCountry "POL"]
[SourceTitle "EXT 2025"]
[Source "ChessBase"]
[SourceDate "2024.10.14"]
[SourceVersion "1"]
[SourceVersionDate "2024.10.14"]
[SourceQuality "1"]

1. d4 Nf6 2. c4 e6 3. Nf3 d5 4. Nc3 Be7 5. e3 Nbd7 6. Be2 c6 7. 0-0 0-0 8. b3 b6 9. Bb2 Bb7 10. Rc1 a6 11. Qc2 Rc8 12. Rfd1 Qc7 13. Ne5 Rfd8 14. f4 Qb8 15. Bf3 Bd6 16. Qe2 Nf8 17. Kh1 Be7 18. Na4 Qa7 19. c5 b5 20. Nb6 Rc7 21. a4 N8d7 22. a5 Qb8 23. g4 Nf8 24. Bc3 Ne8 25. Be1 f5 26. g5 Bc8 27. h4 Nd7 28. Bh5 Nxe5 29. fxe5 Bf8 30. Bg3 Ra7 31. Kg2 Nc7 32. Bf3 Re8 33. Rh1 Na8 34. Rcg1 Bd7 35. Bf4 Rd8 36. Kf2 Be7 37. h5 Kh8 38. Rg2 Be8 39. Qd2 Bd7 40. Be2 Rg8 41. g6 h6 42. e4 Bf8 43. exf5 exf5 44. e6 Qd8 45. Nxd7 1-0

[Event "Lazy Baltic Pearl op-A 20th"]
[White "Oglaza, Dawid"]
[Black "Malicki, Jan"]
[Site "Lazy"]
[Round "9"]
[Result "1-0"]
[Date "2024.06.30"]
[WhiteElo "1945"]
[BlackElo "1863"]
[PlyCount "62"]
[EventDate "2024.06.24"]
[EventType "swiss"]
[EventRounds "9"]
[EventCountry "POL"]
[SourceTitle "CBM 220 Extra"]
[Source "ChessBase"]
[SourceDate "2024.07.31"]
[SourceVersion "1"]
[SourceVersionDate "2024.07.31"]
[SourceQuality "1"]

1. e4 c5 2. Nf3 d6 3. d4 cxd4 4. Qxd4 Nc6 5. Bb5 Bd7 6. Bxc6 Bxc6 7. Nc3 Nf6 8. Bg5 e5 9. Qd3 Qb6 10. Bxf6 gxf6 11. 0-0-0 Qxf2 12. Nd5 Bxd5 13. Qxd5 Rc8 14. c3 Rc6 15. Rhf1 Qe3+ 16. Kb1 Be7 17. Nh4 Qc5 18. Qd3 Qc4 19. Qf3 Ra6 20. b3 Qc7 21. Nf5 Rc6 22. Ne3 Rg8 23. Nd5 Qd7 24. Qh5 Qg4 25. Qxh7 Qg6 26. Qh4 Qg5 27. Qf2 Qxg2 28. Qxa7 Qxe4+ 29. Ka1 Qg4 30. Rg1 Qf5 31. Rgf1 Qe4 1-0